Normal view
MARC view
Entry Personal Name
001 - CONTROL NUMBER
- control field: 20786
003 - CONTROL NUMBER IDENTIFIER
- control field: ARRUPE
005 - DATE AND TIME OF LATEST TRANSACTION
- control field: 20151029152845.0
008 - FIXED-LENGTH DATA ELEMENTS
- fixed length control field: 151029|| aca||aabn | a|a d
040 ## - CATALOGING SOURCE
- Original cataloging agency: ARRUPE
- Transcribing agency: ARRUPE
100 ## - HEADING--PERSONAL NAME
- Personal name: Torrend, J.
- Fuller form of name: (Jules),
- Dates associated with a name: 1861-1936.
670 ## - SOURCE DATA FOUND
- Source citation: Work cat.: (ARRUPE)0: Torrend, J. (Jules), 1861-1936., An English-vernacular dictionary of the Bantu-Botatwe dialects of Northern Rhodesia,, 1931